Quizzes
Events
Quiz Creation
Community
Videos
Private Events
Remove Ads
Sign In
Join for FREE
Feedback
Dark Mode
Quiz Categories
Sports
Geography
Music
Movies
Television
Just For Fun
Miscellaneous
History
Literature
Language
Science
Gaming
Entertainment
Religion
Holiday
For Kids
Quiz Lab
Recent
Popular Today
Quiz Kudos Today
Editor Picks
Curator Picks
Quizzes by...
Day
Popularity
Type
Ratings
Length
Year
Community
Subscriptions
Recent Discussions
Orange Saloon
Badges
Playlists
Quests
Create
Leaderboards
Showdown
Live 5
Trivia Bingo
Activity
Puzzle Library
Sporcle Events
Private Events
Virtual Trivia
Globe League
Become a Host
Pub Owners
SporcleCon
Opinionation
Our Games
Videos
Blog
Mobile Apps
Partnerships
Remove Ads and Go Orange
Feedback
Sports
Athletes
MLB
NBA
NHL
NFL
Soccer
Sports Teams
WWE
NCAA
Football
Premier League
Basketball
Baseball
Hockey
Golf
Tennis
Cricket
Rugby
Auto Racing
Olympics
World Cup
Sports
Athletes
MLB
NBA
NHL
NFL
Soccer
Sports Teams
WWE
NCAA
Football
Premier League
Basketball
Baseball
Hockey
Golf
Tennis
Cricket
Rugby
Auto Racing
Olympics
World Cup
Random Quiz
Search Sporcle
×
Quiz Lab
Quiz Lab
Sports
Sunderland
Type in answers that appear in a list
Type in answers that appear in a list
Classic
Best Score? Go Orange.
Sunderland Players Former Clubs 2016-17 Stats
Can you name the Sunderland Players Former Clubs 2016-17?
By
ethoburn5
6m
40 Questions
87 Plays
87 Plays
87 Plays
Comments
Comments
Give Quiz Kudos
Give Quiz Kudos
-
- Ratings
hide this ad
Replay
Link that replays current quiz
Next Quiz
Link to next quiz in quiz playlist
You Got
0%
They Got
Avg Score
63%
Avg Friend Score
Upgrade to see
Score Distribution
Jump to the score distribution portion of the page
Score
0/40
Timer
06:00
0
Plays Today
Player
Former Club
% Correct
Bryan Oviedo
Everton
100%
Jason Denayer
Manchester City
100%
Jack Rodwell
Manchester City
100%
Steven Pienaar
Everton
100%
Darron Gibson
Everton
100%
Vito Mannone
Arsenal
97.7%
John O'Shea
Manchester United
97.7%
Paddy McNair
Manchester United
97.7%
Donald Love
Manchester United
97.7%
Adnan Januzaj
Manchester United
97.7%
Fabio Borini
Liverpool
94.3%
Billy Jones
West Bromwich Albion
93.1%
Victor Anichebe
West Bromwich Albion
93.1%
Papy Djilobodji
Chelsea
86.2%
Sebastian Larsson
Birmingham City
85.1%
Jermain Defoe
Toronto
83.9%
Lee Cattermole
Wigan Athletic
79.3%
Jan Kirchhoff
Bayern Munich
70.1%
Will Buckley
Brighton and Hove Albion
69%
Adam Matthews
Celtic
63.2%
Player
Former Club
% Correct
Javier Manquillo
Atletico Madrid
60.9%
David Moyes
Real Sociedad
54%
Didier Ndong
Lorient
51.7%
Lamine Koné
Lorient
51.7%
Wahbi Khazri
Bordeaux
49.4%
Duncan Watmore
Altrincham
35.6%
Jordan Pickford
SAFC Academy
34.5%
Ethan Robson
SAFC Academy
34.5%
Joel Asoro
SAFC Academy
34.5%
Max Stryjek
SAFC Academy
34.5%
Thomas Robson
SAFC Academy
34.5%
Rees Greenwood
SAFC Academy
34.5%
George Honeyman
SAFC Academy
34.5%
Michael Ledger
SAFC Academy
34.5%
Josh Robson
SAFC Academy
34.5%
Lynden Gooch
SAFC Academy
34.5%
Joleon Lescott
AEK Athens
33.3%
Josh Maja
Fulham
25.3%
Mika
Boavista
19.5%
Jeremain Lens
Dynamo Kyiv
17.2%
Quiz Playlist
Details
Report
Send in Message
Add To Playlist
Classic:
Type in answers that appear in a list
Last Updated: Apr 14, 2017
Quiz Scoreboard
CHALLENGE
Sign Up to Join the Scoreboard
Show All
Scores
Hide
Comments
May contain spoilers
Recently Published
Presidents Visiting Landmarks
by Hejman
History
7m
An Introduction to Baseball
by treessimontrees
Sports
5m
Movies - When Are They Set?
by FPL_Elf
Movies
5m
More to Explore
Quiz From the Vault
Featured Blog Post
Where Did the Easter Bunny Come From?
hide this ad
You Might Also Like...
Tags
club
Former
Player
Sunderland
Today's Top Quizzes in Sports
Browse Sports
hide this ad
Today's Top Quizzes in Sunderland
Browse Sunderland
Top Contributed Quizzes in Sports
1
Les meilleurs buteurs des matchs entre le PSG et l’OM
2
2022 World Cup Stars
3
FIFA Club World Cup Champions
4
Les entraîneurs de l'OM et du PSG au 21e siècle
5
Name the Premier League winners with different clubs
6
La finale Lions - Afrique du Sud 2021
7
5-to-1: UK Sports Teams
8
England Test cricketers to play under Nasser Hussain
9
Players with Multiple 50 Home Run Seasons
10
AFC Teams Reveal (Wrong Answers Minefield)
Explore More
Trending Topics
Anime
Kpop
Harry Potter
Crossword
NBA
Disney
Marvel
WWE
Pokémon
Puzzle
NFL
Soccer
Country
The Office
Song
hide this ad
More By:
ethoburn5
Quiz
Plays
Rating
Category
Featured
Created
Rangers Nationalities
720
Sports
Dec 17, 2017
Cabinets of Margaret Thatcher and John Major
96
History
Mar 27, 2020
Sunderland Managers
95
5.00
Sports
Apr 12, 2017
International Politics Quiz
95
3.00
History
Mar 27, 2020
Sunderland 2016-17 Squad
90
5.00
Sports
Apr 12, 2017
Go to Creator's Profile
Score Distribution
Quiz Creator Spotlight
ethoburn5
Follow
Send a Message
Quizzes Created
-
Created Quiz Play Count
-
More By This Creator
Popular Quizzes Today
1
Find the US States - No Outlines Minefield
2
Find the Countries of Europe - No Outlines Minefield
3
The Countries of the World
4
Find the US States
5
Popular People in 1961
6
US States
7
Risky Map Clicking: Biggest States A-Z
8
Movies - When Are They Set?
More Sports Quizzes
NFL Referee Signals
Published
Trending Quizzes
Risky Map Clicking: Least Populous States A-Z
1-10 Letter G Words
1-10 Letter F Words
Risky Map Clicking: Next State Alphabetically
Risky Map Clicking: Biggest States A-Z
Recently Updated
Leaping Animals
pecheneg
Reality TV Shows (A-Z)
bhenderson79
Rickey Henderson's Hall of Fame Teammates
pecheneg
Champions League XIs: Arsenal
pecheneg
Quick Pick: Celebrities in WWE's Hall of Fame
aduchscher
A-Z Keypad Blitz II
pecheneg
Multiple Oscar Actors
pecheneg
Mystery Phrase Blitz: Oscar 'Best Actors'
pecheneg
F. Scott Fitzgerald Novels
LTH
Pick 3 Villains
ddd62291
Trending Topics
Kpop
Harry Potter
Marvel
Disney
NBA
Crossword
Anime
Song
WWE
Soccer
Pokémon
The Office
Puzzle
NFL
Country
Your Account Isn't Verified!
In order to create a playlist on Sporcle, you need to verify the email address you used during registration. Go to your
Sporcle Settings
to finish the process.
Report this User
Report this user for behavior that violates our
Community Guidelines
.
Details:
Send Report
Go to the Sporcle.com Mobile Site →
Comments